Functioning in business /
Guardado en:
| Autor Principal: | |
|---|---|
| Otros Autores: | |
| Formato: | Libro |
| Publicado: |
Estados Unidos de América :
Longman,
1991
|
| Materias: | |
| Etiquetas: |
Agregar Etiqueta
Sin Etiquetas, Sea el primero en etiquetar este registro!
|
| LEADER | 00511nam a22001815a 4500 | ||
|---|---|---|---|
| 001 | CEM.cems007182 | ||
| 005 | 20060214000000.0 | ||
| 008 | 130507s1991##################000#0#####d | ||
| 003 | CEMS | ||
| 082 | 0 | 4 | |a 428.64 |
| 100 | 1 | |a Knowles, P. Lance | |
| 245 | 1 | 0 | |a Functioning in business / |
| 260 | |a Estados Unidos de América : |b Longman, |c 1991 | ||
| 300 | |a 64 p. | ||
| 653 | |a Ingles | ||
| 653 | |a Ingles-textos | ||
| 700 | 1 | |a Bailey, Francis / Jillett, Rosi | |
| 859 | |a CEMS |b BIB. CEMS - 11 de abril |h 428.64 |i K761 |p 16898.93 |t Ej.1 | ||
